Marrakesh Pictures - Sudden Death - Statistics

General Stats
  • This quiz has been taken 15 times
  • The average score is 4 of 10
Answers on the Grid
Answers color-coded by a green-red scale on the quiz's grid according to % correct below.
ea33a0524b-450.webp
a7987edaa2-450.webp
4902823fba-450.webp
69839506a0-450.webp
d37cf4dbf2-450.webp
128836548c-450.webp
a6588e2472-450.webp
9a219b667d-450.webp
dfde94b0fc-450.webp
2ddf94d15c-450.webp
02c3f0ba4e-450.webp
d77a7db599-450.webp
af409e57ce-450.webp
be49947c79-450.webp
67cd136f19-450.webp
825b595180-450.webp
3827b0fe5f-450.webp
9bd5987e80-450.webp
 
Answer Stats
Answer % Correct
Jemaa el-Fna Square 2ddf94d15c-450.webp
50%
Bahia Palace 69839506a0-450.webp
50%
Koutoubia Mosque ea33a0524b-450.webp
50%
Semmarine Souk 4902823fba-450.webp
42%
Secret Garden dfde94b0fc-450.webp
42%
Majorelle Garden a7987edaa2-450.webp
33%
El Badi Palace d37cf4dbf2-450.webp
33%
Palm Grove 128836548c-450.webp
25%
Jewish cemetery a6588e2472-450.webp
25%
Saadian tombs 9a219b667d-450.webp
17%
No matching quizzes found
Score Distribution
Percent of People with Each Score
Percentile by Number Answered
Your Score History
You have not taken this quiz